000 00382nam a2200145Ia 4500
008 100122s9999 xx 000 0 und d
082 _b54048
_a823
100 _aवाळिंबे सुरेश
245 _aसंशय
260 _bयोगिता प्रकाशन
_c1997
300 _a118
630 _aसंशय
730 _aसंशय
942 _cBOOK
999 _c430955
_d430952